000 00457nam a2200181Ia 4500
003 GCL
008 140319s9999 xx 000 0 eng d
040 _aGCL /
_cGCL
082 0 4 _a793.43
_bR E
100 1 _aROTH, JEAN - MARIE
245 1 0 _aL'ECRITURE DE SCENARIOS /
_cROTH, JEAN - MARIE
260 _a[S.N] :
_bTOP EDITIONS ،
_c1998
300 _a207 P
650 0 4 _aCINEMATOGRAPHY
650 0 4 _aARTS
650 0 4 _aMOTION PICTURES
942 _2ddc
_cBK
999 _c15975
_d15975